ディープインパクト産駒 獲得賞金Top10 - Statistics

General Stats
  • This quiz has been taken 72 times
  • The average score is 4 of 10
Answer Stats
順位 馬名 獲得賞金(万円) % Correct
3 コントレイル 119,529
91%
1 ジェンティルドンナ 172,063
77%
4 グランアレグリア 107,381
51%
9 サトノダイヤモンド 86,624
47%
2 シャフリヤール 151,845
45%
7 ジャスティンパレス 90,481
36%
6 ラヴズオンリーユー 91,394
19%
5 ヴィブロス 95,374
17%
8 リアルスティール 90,079
15%
10 グローリーヴェイズ 73,283
4%
No matching quizzes found
Score Distribution
Percent of People with Each Score
Percentile by Number Answered
Your Score History
You have not taken this quiz